[Event "BUL-chT (Women)"]
[Site "Bankia"]
[Date "1992.??.??"]
[Round "?"]
[White "Radanska, Violeta"]
[Black "Velcheva, Maria"]
[Result "0-1"]
[WhiteElo "2095"]
[BlackElo "2160"]

1.e4 c5 2.c3 Nf6 3.e5 Nd5 4.d4 cxd4 5.Nf3 Nc6 6.Bc4 Nb6 7.Bb3 d6 8.exd6 Qxd6
9.O-O Be6 10.Bxe6 Qxe6 11.Nxd4 Nxd4 12.Qxd4 Rd8 13.Qh4 Qe2 14.Nd2 g6 15.Nf3 Rd1
16.Bd2 Qxf1+  0-1

[Event "Barcelona UGA"]
[Site "Barcelona"]
[Date "1992.??.??"]
[Round "5"]
[White "Rahal, Michael"]
[Black "Ochoa de Echaguen, F Javier"]
[Result "1/2-1/2"]
[WhiteElo "2260"]
[BlackElo "2410"]

1.e4 c5 2.c3 Nf6 3.e5 Nd5 4.d4 cxd4 5.Nf3 e6 6.cxd4 d6 7.a3 Bd7 8.Bd3 Bc6
9.O-O Nd7 10.b4 a6 11.Qe2 Qb6 12.Bd2 Bb5 13.Nc3 Nxc3 14.Bxc3 d5 15.a4 Bxd3  1/2-1/2

[Event "Berliner Sommer"]
[Site "Berlin"]
[Date "1992.??.??"]
[Round "?"]
[White "Darnstaedt, Frank"]
[Black "Rotstein, Arkadij"]
[Result "1-0"]
[WhiteElo "2315"]
[BlackElo "2515"]

1.e4 c5 2.c3 Nf6 3.e5 Ne4 4.d4 cxd4 5.Nf3 e6 6.cxd4 d6 7.a3 Nd7 8.Qc2 dxe5
9.dxe5 g6 10.Bc4 Qc7 11.O-O b5 12.Bd3 Qxc2 13.Bxc2 Bg7 14.Bxe4 Nc5 15.Bd5 exd5
16.Nc3 Nb3 17.Ra2 O-O 18.Bf4 d4 19.Nxb5 Be6 20.Nc7 Rac8 21.Nxe6 fxe6 22.g3 d3
23.a4 Rfd8 24.Ra3 Rb8 25.a5 Bf8 26.Ra4 Bb4 27.Rd1 Nxa5 28.Nd2 Nc6 29.Nc4 a5
30.Kf1 Rb5 31.Ra2 Rdd5 32.b3 Be7 33.Bd2 Rxb3 34.Nxa5 Nxa5 35.Rxa5 Kf7 36.Ra7 Ke8
37.Ra8+ Rd8 38.Rxd8+ Kxd8 39.f4 Kd7 40.Rc1 Ba3 41.Rc4 Bb2 42.Kf2 Rb5 43.Ke3 Rd5
44.Be1 Bc1+ 45.Rxc1 Ra5 46.Kxd3 Ra2 47.Rc2 Ra3+ 48.Ke2 Ra1 49.Rb2 Kc7 50.Rd2 Ra6
51.Kf3 Rb6 52.Kg4 h6 53.Rd3 Rc6 54.h4 Rc1 55.Rd6 h5+ 56.Kg5  1-0

[Event "Bern op"]
[Site "Bern"]
[Date "1992.??.??"]
[Round "4"]
[White "Sveshnikov, Evgeny"]
[Black "King, Daniel J"]
[Result "1-0"]
[WhiteElo "2560"]
[BlackElo "2505"]

1.e4 c5 2.c3 Nf6 3.e5 Nd5 4.Nf3 Nc6 5.Bc4 Nb6 6.Be2 d6 7.exd6 Qxd6 8.O-O g6
9.d3 Bf5 10.Na3 Bg7 11.Be3 Nd5 12.Nc4 Qd7 13.Bxc5 b6 14.Ba3 O-O 15.Ne3 Nf4
16.Nxf5 Qxf5 17.g3 Nxe2+ 18.Qxe2 Rfd8 19.d4 Rac8 20.Rfe1 e6 21.Qe4 Qxe4 22.Rxe4 Rd7
23.Rae1 Na5 24.Nd2 Rd5 25.R4e2 g5 26.g4 h6 27.Nf1 Rd7 28.Ne3 Nc6 29.Kg2 a5
30.Nc4 Rb8 31.Bd6 Rbb7 32.a4 b5 33.axb5 Rxb5 34.Ra1 Bf8 35.Bg3 Be7 36.Ra2 Ra7
37.Re1 Rab7 38.Ra4 Kh7 39.h3 Kg7 40.Rea1 Kg6 41.Bd6 Bd8 42.Re1 Bc7 43.Ba3 Bf4
44.Bd6  1-0

[Event "Bern op"]
[Site "Bern"]
[Date "1992.??.??"]
[Round "8"]
[White "Motwani, Paul"]
[Black "Cramling, Pia"]
[Result "1/2-1/2"]
[WhiteElo "2455"]
[BlackElo "2530"]

1.e4 c5 2.c3 Nf6 3.e5 Nd5 4.d4 cxd4 5.Nf3 e6 6.Bc4 Nb6 7.Bb3 d6 8.exd6 dxc3
9.Nxc3 Bxd6 10.O-O O-O 11.Qe2 Nc6 12.Rd1 Nd5 13.Nxd5 exd5 14.Bxd5 Qe7 15.Qxe7 Bxe7
16.Be3 Nb4 17.Bb3 Bf5 18.Nd4 Bd7 19.a3 Nc6 20.Bd5 Bf6 21.Nxc6 Bxc6 22.Bxc6 bxc6
23.Rab1 Rfb8 24.b4 h6 25.Rdc1 Rc8 26.a4 a5 27.Bb6 axb4 28.Rxb4 Bg5 29.Rd1 Bd8
30.a5 Bxb6 31.axb6 c5 32.Rb5 Rab8 33.Rd7 Rc6 34.b7 c4 35.Kf1 c3 36.Rb1 c2
37.Rc1 Kf8  1/2-1/2

[Event "Biel op"]
[Site "Biel"]
[Date "1992.??.??"]
[Round "7"]
[White "Rogers, Ian"]
[Black "Gallagher, Joseph G"]
[Result "1-0"]
[WhiteElo "2565"]
[BlackElo "2510"]

1.e4 c5 2.c3 Nf6 3.e5 Nd5 4.d4 cxd4 5.Qxd4 e6 6.Nf3 Nc6 7.Qe4 d6 8.Nbd2 dxe5
9.Nxe5 Nxe5 10.Qxe5 Qd6 11.Bb5+ Bd7 12.Bxd7+ Qxd7 13.O-O Nf6 14.Nf3 Bd6 15.Qe2 O-O
16.Rd1 Qc7 17.Bg5 Nd5 18.c4 Nf6 19.g3 Rad8 20.a3 Be7 21.Bf4 Rxd1+ 22.Rxd1 Qa5
23.Rd3 Rc8 24.Ne5 Rd8 25.b4 Qa4 26.Rxd8+ Bxd8 27.Qf3 Qa6 28.b5 Qb6 29.a4 h6
30.a5 Qxa5 31.Qxb7 Bc7 32.Kg2 Qb6 33.Qc8+ Kh7 34.Be3 Qd6 35.Nf3 Bb6 36.c5 Qc7
37.Qxc7 Bxc7 38.c6 Bb8 39.Bxa7  1-0

[Event "Biel op"]
[Site "Biel"]
[Date "1992.??.??"]
[Round "9"]
[White "Rogers, Ian"]
[Black "Har Zvi, Ronen"]
[Result "1/2-1/2"]
[WhiteElo "2565"]
[BlackElo "2425"]

1.e4 c5 2.c3 Nf6 3.e5 Nd5 4.d4 cxd4 5.Qxd4 e6 6.Nf3 Nc6 7.Qe4 f5 8.Qe2 b6
9.g3 Qc7 10.Nbd2 g5 11.Nxg5 Qxe5 12.Nc4 Qxe2+ 13.Bxe2 b5 14.Ne3 Nxe3 15.Bxe3 b4
16.Bh5+ Ke7 17.Nf7 Rg8 18.Bg5+ Rxg5 19.Nxg5 Bg7 20.Rc1 h6 21.Nf3 Rb8 22.O-O bxc3
23.bxc3 Rb2 24.Nd4 Nxd4 25.cxd4 Bb7 26.Rb1 Rxb1 27.Rxb1 Bd5 28.Rd1 Bxa2 29.Bf3 Bc4
30.d5 e5 31.g4 e4 32.d6+ Ke6 33.gxf5+ Kxf5 34.Bg2 Ke5 35.Rc1 Bd5 36.Rc7 Kxd6
37.Rxa7 Bc6 38.Ra5 Be5 39.Bh3 Bf4 40.Rf5 Bg5 41.Rf7 Bd2 42.Bg4 e3 43.Kf1 exf2
44.Kxf2 Bg5 45.Kg3 Kc7 46.Bf5 Ba4 47.Rh7 Kd6 48.h3 Bb5 49.h4 Bd2 50.Kf3 Bc1
51.Rg7 Ba4 52.Rg1 Bd2 53.Ra1 Bc6+ 54.Kg4 Ke5 55.Rd1 h5+ 56.Kh3 Kxf5 57.Rxd2 Kf4
58.Rd6 Be4 59.Kh2 Bf5 60.Kg2 Ke5 61.Rh6 Bg4 62.Kg3 d5 63.Rh8 d4 64.Rd8 Ke4
65.Re8+ Kf5 66.Rg8 d3 67.Rd8 Be2 68.Rf8+ Ke4 69.Kf2 Bg4 70.Rd8 Be2 71.Ra8 Kf4
72.Ra4+ Kf5 73.Ke3 Ke5 74.Ra5+ Ke6 75.Rg5 Kd6 76.Ke4 Kc6 77.Rg6+ Kc5 78.Ke3 Kd5
79.Rg8 Ke5 80.Rf8 Kd5 81.Re8 Kd6 82.Kf4 Kd5 83.Rd8+ Ke6 84.Ke4 Ke7 85.Rd5 Ke6
86.Rd4 Bf1 87.Ra4 Be2 88.Ke3 Kd7 89.Ra2 Kd6 90.Ke4 Ke6 91.Ra6+ Ke7  1/2-1/2

[Event "Spring op"]
[Site "Budapest"]
[Date "1992.??.??"]
[Round "?"]
[White "Maljutin, Evgeni"]
[Black "Szuk, Balazs"]
[Result "0-1"]
[WhiteElo "2465"]
[BlackElo "2205"]

1.e4 c5 2.c3 Nf6 3.e5 Nd5 4.d4 cxd4 5.Qxd4 e6 6.Nf3 Nc6 7.Qe4 d6 8.Nbd2 f5
9.Qa4 Bd7 10.exd6 Bxd6 11.Nc4 Be7 12.Qd1 Qc7 13.g3 O-O 14.Bg2 Ncb4 15.Ne3 Nxe3
16.Bxe3 Bb5 17.cxb4 Bxb4+ 18.Nd2 Rad8 19.Qb3 Rxd2 20.Qxe6+ Kh8 21.Bxd2 Bxd2+
22.Kxd2 Rd8+ 23.Ke3 Rd3+  0-1

[Event "Spring op"]
[Site "Budapest"]
[Date "1992.??.??"]
[Round "?"]
[White "Honos, Attila"]
[Black "Gorgs, Alfred"]
[Result "1/2-1/2"]
[WhiteElo "2315"]
[BlackElo "2210"]

1.e4 c5 2.c3 Nf6 3.e5 Nd5 4.d4 cxd4 5.Nf3 Nc6 6.cxd4 d6 7.Bc4 Nb6 8.Bb5 dxe5
9.Nxe5 Bd7 10.Bxc6 Bxc6 11.Nxc6 bxc6 12.O-O g6 13.Re1 Bg7 14.Bg5 O-O 15.Bxe7 Qxd4
16.Nc3 Rfe8 17.Qf3 Qd7 18.Bf6 Rxe1+ 19.Rxe1 Qd2 20.Rd1 Re8 21.h3 Re1+ 22.Rxe1 Qxe1+
23.Kh2 Qd2 24.Ne4 Qd5 25.Bxg7 Kxg7 26.Qc3+ Kf8 27.Qa3+ Kg7 28.Qc3+ Kf8 29.Nf6 Qd6+
30.g3 Nd5 31.Nxd5 Qxd5 32.Qa3+ c5 33.Qxa7 Qd4 34.Kg1 Qd1+ 35.Kg2 Qd5+ 36.Kg1 Qd1+
37.Kh2  1/2-1/2

[Event "Wch U20"]
[Site "Buenos Aires"]
[Date "1992.??.??"]
[Round "?"]
[White "Thallinger, Guenther"]
[Black "Sosa, Leonardo"]
[Result "0-1"]
[WhiteElo "2195"]
[BlackElo "2245"]

1.e4 c5 2.c3 Nf6 3.e5 Nd5 4.Nf3 Nc6 5.d4 cxd4 6.cxd4 d6 7.Bc4 Nb6 8.Bb5 dxe5
9.Nxe5 Bd7 10.Bxc6 Bxc6 11.Nxc6 bxc6 12.O-O e6 13.Nc3 Be7 14.Qg4 O-O 15.Rd1 Nd5
16.Rd3 Nf6 17.Qf3 Qb6 18.b3 Rad8 19.Na4 Qa5 20.Bb2 Nd5 21.a3 Bd6 22.g3 Qb5
23.Rc1 Qb7 24.Nc5 Qe7 25.Rd2 Rb8 26.Rdc2 Rb5 27.b4 a5 28.Ne4 axb4 29.Nxd6 Qxd6
30.Rxc6 Qb8 31.axb4 Nxb4 32.R6c4 Nd5 33.Qa3 Rxb2 34.Rc8 Rxc8 35.Qxb2 Rxc1+
36.Qxc1  0-1

[Event "Wch U20"]
[Site "Buenos Aires"]
[Date "1992.??.??"]
[Round "?"]
[White "Markovic, Miroljub"]
[Black "Michelakis, George"]
[Result "1-0"]
[WhiteElo "2270"]
[BlackElo "2355"]

1.e4 c5 2.c3 Nf6 3.e5 Nd5 4.d4 cxd4 5.Nf3 Nc6 6.Bc4 Nb6 7.Bb3 d5 8.exd6 Qxd6
9.Na3 a6 10.O-O e6 11.cxd4 Be7 12.Re1 O-O 13.Re4 Nb4 14.Ne5 N4d5 15.Rg4 f5
16.Rg3 Bf6 17.Qe2 Bd7 18.Rh3 Be8 19.Bd2 Qe7 20.Re1 Rd8 21.Nf3 Bf7 22.Rg3 Rfe8
23.Ne5 g6 24.Nc2 Rc8 25.a4 Nd7 26.a5 Nxe5 27.dxe5 Bg7 28.Nd4 Qc5 29.Nf3 h6
30.h4 Kh7 31.h5 gxh5 32.Qd3 Rcd8 33.Qb1 Rg8 34.Rh3 Bh8 35.Bd1 Rg7 36.Nh4 Rdg8
37.Bf3 Bg6 38.Nxg6 Rxg6 39.Rxh5 Qd4 40.Qc1 Bg7 41.Rh3 Bf8 42.Kf1 Qd3+ 43.Re2 Nb4
44.Qc3 Qb1+ 45.Re1 Qd3+ 46.Kg1 Bc5 47.Rd1 Qb5 48.Rh4 Nc6 49.Bf4 Nd4 50.Rxd4 Bxd4
51.Qxd4 Qxa5 52.Qe3 Qa1+ 53.Kh2 Qf1 54.g3 Rc8 55.Qd2 Kg8 56.Bxh6  1-0

[Event "Buenos Aires FMDA"]
[Site "Buenos Aires"]
[Date "1992.??.??"]
[Round "8"]
[White "Dotta, Juan Carlos"]
[Black "Juarez, Carlos Eleodoro"]
[Result "1-0"]
[WhiteElo "2280"]
[BlackElo "2370"]

1.e4 c5 2.c3 Nf6 3.e5 Nd5 4.d4 cxd4 5.Qxd4 e6 6.Bc4 Nc6 7.Qe4 f5 8.Qe2 Nb6
9.Bd3 g6 10.h4 Bg7 11.Nf3 Qc7 12.Bf4 Nd5 13.Bh2 b6 14.Na3 a6 15.Nc4 O-O 16.a4 Bb7
17.Nd6 Nd8 18.Bc4 Nf7 19.Nxb7 Qxb7 20.Rd1 Ne7 21.Bf4 Nc6 22.O-O h6 23.Rd2 g5
24.hxg5 hxg5 25.Nxg5 Nxg5 26.Bxg5 Nxe5 27.Bb3 Rae8 28.Bf4 Ng4 29.Rd6 Rf7
30.f3 Nf6 31.Qe3 Rb8 32.Bh6 Qc7 33.Bf4 Bh6 34.Bxh6 Qxd6 35.Bf4 Qf8 36.Bxb8 Qxb8
37.Qg5+ Kf8 38.Rd1 b5 39.Qh6+ Ke7 40.Qd2 bxa4 41.Bxa4 Rh7 42.Qf2 Qh2+ 43.Kf1 Qc7
44.Rd4 Rh1+ 45.Ke2 Rb1 46.Kd3 e5 47.Kc2 Ra1 48.Qg3 Kd8 49.Rh4 Qd6 50.Rd4 Qe7
51.Qh2 Qc5 52.Qh8+ Ke7 53.Rb4  1-0

[Event "Buenos Aires Najdorf qual"]
[Site "Buenos Aires"]
[Date "1992.??.??"]
[Round "9"]
[White "Tovillas, Daniel R"]
[Black "Llanos, Guillermo"]
[Result "0-1"]
[WhiteElo "2335"]
[BlackElo "2355"]

1.e4 c5 2.c3 Nf6 3.e5 Nd5 4.d4 cxd4 5.Bc4 Qc7 6.Qe2 Nb6 7.Bd3 e6 8.Nf3 Nc6
9.O-O d6 10.exd6 Bxd6 11.cxd4 Nd5 12.Nc3 Nxc3 13.bxc3 O-O 14.Ng5 h6 15.Nf3 Ne7
16.c4 Rb8 17.Re1 b6 18.Ne5 Bb7 19.Qh5 Bxe5 20.Rxe5 Nf5 21.Rxf5 exf5 22.Qxf5 g6
23.Qf6 Qc6 24.Qxc6 Bxc6 25.Bxh6 Rfd8 26.Bf4 Rbc8 27.Be5 Bb7 28.Bf1 Ba6 29.Rc1 Rc6
30.c5 f6 31.Bd6 Rdxd6  0-1

[Event "Cannes Martinez op"]
[Site "Cannes"]
[Date "1992.??.??"]
[Round "?"]
[White "Godena, Michele"]
[Black "Lanka, Zigurds"]
[Result "1/2-1/2"]
[WhiteElo "2435"]
[BlackElo "2520"]

1.e4 c5 2.c3 Nf6 3.e5 Nd5 4.d4 cxd4 5.Nf3 Nc6 6.cxd4 d6 7.Bc4 dxe5 8.dxe5 Ndb4
9.O-O Qxd1 10.Rxd1 Bg4  1/2-1/2

[Event "Cannes op"]
[Site "Cannes"]
[Date "1992.??.??"]
[Round "?"]
[White "Dovzik, Juri"]
[Black "Badii, Madjid"]
[Result "1-0"]
[WhiteElo "2360"]
[BlackElo "2260"]

1.e4 c5 2.c3 Nf6 3.e5 Nd5 4.d4 cxd4 5.Nf3 d6 6.cxd4 Nc6 7.exd6 Qxd6 8.Nc3 e6
9.Bc4 Nxc3 10.bxc3 Be7 11.O-O O-O 12.Qe2 b6 13.Qe4 Bb7 14.Bd3 g6 15.Bg5 Rac8
16.Qh4 f6 17.Bf4 e5 18.Bh6 Rfd8 19.Bc4+ Kh8 20.Bf7 Rc7 21.Rfe1 Bf8 22.dxe5 Nxe5
23.Rad1 Qe7 24.Nxe5 Qxe5 25.Bxg6 Rxd1 26.Rxd1 Qxc3 27.Bxf8 Qc6 28.Bg7+  1-0

[Event "Cappelle op"]
[Site "Cappelle la Grande"]
[Date "1992.??.??"]
[Round "2"]
[White "Motwani, Paul"]
[Black "Mortazavi, Ali"]
[Result "1-0"]
[WhiteElo "2455"]
[BlackElo "2300"]

1.e4 c5 2.c3 Nf6 3.e5 Nd5 4.d4 cxd4 5.Nf3 e6 6.Bc4 Nb6 7.Bb3 d6 8.exd6 Bxd6
9.cxd4 O-O 10.Nc3 Nd5 11.O-O Nxc3 12.bxc3 Nc6 13.Re1 Qc7 14.Qd3 Na5 15.Ng5 g6
16.Qh3 h5 17.Ne4 Nxb3 18.axb3 Be7 19.Qe3 e5 20.d5 f6 21.d6 Bxd6 22.Nxd6 Qxd6
23.Ba3  1-0

[Event "JUG-chT"]
[Site "Cetinje"]
[Date "1992.??.??"]
[Round "?"]
[White "Bojkovic, Natasa"]
[Black "Litinskaya, Marta I"]
[Result "1-0"]
[WhiteElo "2365"]
[BlackElo "2330"]

1.e4 c5 2.c3 Nf6 3.e5 Nd5 4.Nf3 Nc6 5.Bc4 e6 6.O-O Be7 7.d4 cxd4 8.cxd4 d6
9.Qe2 O-O 10.Nc3 dxe5 11.dxe5 Nxc3 12.bxc3 b6 13.Qe4 Bb7 14.Bd3 g6 15.Bh6 Na5
16.Qe3 Re8 17.Ng5 Qd5 18.Qg3 Nc6 19.Be4 Qc4 20.Rfe1 Rac8 21.Rad1 Rcd8 22.Qf4 Bxg5
23.Bxg5 Rxd1 24.Rxd1 Qe2 25.Bf3 Qc2 26.Bf6 g5 27.Qxg5+ Qg6 28.Qf4 Na5 29.Bxb7 Nxb7
30.Qa4 Rf8 31.Qd7 Qc2 32.h3 Nc5 33.Qd8 Nb7 34.Qd4 Nc5 35.Re1 h5 36.Qh4 Rc8
37.Re3 Qf5 38.Rg3+ Kf8 39.Rg5 Qb1+ 40.Kh2 Ke8 41.Qxh5 Kd7 42.Qxf7+ Kc6 43.Be7 Qxa2
44.Rg6 Kb5 45.f4 a5 46.Bxc5 Rxc5 47.Qd7+ Rc6 48.f5 Qc4 49.f6 Ka6 50.Rg3 a4
51.f7 Rc8 52.Rg4  1-0

[Event "JUG-chT"]
[Site "Cetinje"]
[Date "1992.??.??"]
[Round "?"]
[White "Benderac, Srdjan"]
[Black "Saric, Igor"]
[Result "1/2-1/2"]
[WhiteElo "2235"]
[BlackElo "2270"]

1.e4 c5 2.c3 Nf6 3.e5 Nd5 4.d4 cxd4 5.Nf3 Nc6 6.Bc4 Nb6 7.Bb3 e6 8.cxd4 d5
9.Nc3 Be7 10.O-O Bd7 11.Re1 a6  1/2-1/2

[Event "JUG-chT"]
[Site "Cetinje"]
[Date "1992.??.??"]
[Round "?"]
[White "Kokanovic, Ksenija"]
[Black "Nikolin, Zorica"]
[Result "1/2-1/2"]
[WhiteElo "2175"]
[BlackElo "2260"]

1.e4 c5 2.c3 Nf6 3.e5 Nd5 4.d4 cxd4 5.Qxd4 e6 6.Nf3 Nc6 7.Qe4 f5 8.exf6 Nxf6
9.Qh4 Qc7 10.Nbd2 Be7 11.Bd3 Ne5 12.Nxe5 Qxe5+ 13.Ne4 Qd5 14.Nxf6+ Bxf6 15.Qe4 Qxe4+
16.Bxe4 d5 17.Bf3 Bd7 18.O-O Kf7 19.Re1 b5 20.Bf4 Rhc8  1/2-1/2

[Event "JUG-chT"]
[Site "Cetinje"]
[Date "1992.??.??"]
[Round "?"]
[White "Bacetic, Nikola"]
[Black "Milanovic, Danilo"]
[Result "1-0"]
[WhiteElo "2345"]
[BlackElo "2325"]

1.e4 c5 2.c3 Nf6 3.e5 Nd5 4.d4 cxd4 5.Nf3 e6 6.cxd4 Na6 7.Nc3 Nac7 8.Bd3 Be7
9.O-O O-O 10.Ne4 f5 11.exf6 Nxf6 12.Qc2 Ncd5 13.Nxf6+ Nxf6 14.Bg5 h6 15.Bxf6 Rxf6
16.Ne5 Bd6 17.Be4 Rb8 18.f4 Bc7 19.Kh1 d6 20.Ng4 Rf8 21.Rf3 Bb6 22.Qf2 h5
23.Ne3 Bxd4 24.Rh3 h4 25.Qf3 Qf6 26.g3 d5 27.Ng4 Qf7 28.Rxh4 Rd8 29.Bh7+ Kf8
30.Qd3 Bc5 31.Bg6 Qc7 32.Ne5 Ke7 33.Rh7 Bd7 34.Rxg7+ Kd6 35.Nf7+ Kc6 36.Nxd8+ Qxd8
37.Rc1 a5 38.a3 a4 39.b4 axb3 40.Qxb3 b6 41.Qc3 Kb7 42.Bd3 Ka8 43.Qe5 Bc6
44.Qc7 Bb7 45.Qxd8 Rxd8 46.Re1 Re8 47.Rg6 Bf2 48.Rgxe6 d4+ 49.Be4  1-0

[Event "JUG-chT"]
[Site "Cetinje"]
[Date "1992.??.??"]
[Round "?"]
[White "Petronijevic, Zoran"]
[Black "Stankovic, Dragan"]
[Result "1-0"]
[WhiteElo "2275"]
[BlackElo "2290"]

1.e4 c5 2.c3 Nf6 3.e5 Nd5 4.d4 cxd4 5.Nf3 e6 6.cxd4 b6 7.a3 Bb7 8.Bd3 Be7
9.O-O O-O 10.Nbd2 f5 11.exf6 gxf6 12.Ne4 Na6 13.Ng3 Rf7 14.Nh4 f5 15.Nf3 Rg7
16.Qe2 Nac7 17.Bd2 Qe8 18.Bh6 Rg6 19.Qd2 d6 20.Rfe1 Qf7 21.Bg5 Bxg5 22.Nxg5 Qg7
23.Nf3 Kh8 24.Kf1 Rg8 25.Rac1 Rh6 26.Ke2 Ba6 27.Bxa6 Nxa6 28.Rg1 Qg6 29.Kd1 f4
30.Ne2 Qf5 31.Qc2 Qf8 32.Qe4 Nac7 33.h4 Rhg6 34.Ng5 h6 35.Nh3 f3 36.gxf3 Rxg1+
37.Nhxg1 Qf6 38.Ng3 a5 39.N1e2 Rf8 40.Ng1 b5 41.h5 b4 42.axb4 axb4 43.Rc6 Nb5
44.N3e2 Qf7 45.Qd3 Rb8 46.Ng3 Qd7 47.Rc1 Nf4 48.Qd2 Qf7 49.N1e2 e5 50.Nxf4 exf4
51.Ne2 Rf8 52.Qxb4 Qxh5 53.Kd2 Rb8 54.Qb3 Qe8 55.Qd3 Na7 56.Rc7 Qg8 57.Nxf4 Rxb2+
58.Kc1 Rb1+ 59.Qxb1  1-0

[Event "JUG-chT"]
[Site "Cetinje"]
[Date "1992.??.??"]
[Round "?"]
[White "Mukhametov, Eldar"]
[Black "Vukovic, Zdravko"]
[Result "1-0"]
[WhiteElo "2395"]
[BlackElo "2430"]

1.e4 c5 2.c3 Nf6 3.e5 Nd5 4.Nf3 Nc6 5.Bc4 e6 6.d4 cxd4 7.cxd4 d6 8.O-O Be7
9.Qe2 O-O 10.Nc3 dxe5 11.dxe5 Nxc3 12.bxc3 Qc7 13.Qe4 Rd8 14.Bd3 g6 15.Bh6 Bd7
16.Qf4 Be8 17.Be4 Na5 18.Rfe1 Rac8 19.Rac1 Nc4 20.Bg5 Bxg5 21.Qxg5 Kg7 22.Qf6+ Kg8
23.Qh4 Kg7 24.Bxg6 fxg6 25.Ng5 Kg8 26.Nxe6 Qd7 27.Nxd8 Qxd8 28.Qg4 Rc6 29.Rcd1 Qe7
30.h4 Nxe5 31.Qh3 Bf7 32.h5 Re6 33.Re3 Nc6 34.Rde1 Nd8 35.h6 Rxe3 36.Rxe3 Ne6
37.Qg3 Qc7 38.Qxc7 Nxc7 39.Re7 Ne8 40.a3 b5 41.Rxa7 Kf8 42.f3 Nf6 43.Rb7 Be8
44.Kf2 Bd7 45.Ke3 Ke7 46.Rb8 Be8 47.Kd4 Ng8 48.c4 bxc4 49.a4 Nxh6 50.a5 Nf5+
51.Kxc4  1-0

[Event "JUG-chT"]
[Site "Cetinje"]
[Date "1992.??.??"]
[Round "?"]
[White "Pesic, Ninoslav"]
[Black "Miladinovic, Igor"]
[Result "0-1"]
[WhiteElo "2360"]
[BlackElo "2415"]

1.e4 c5 2.c3 Nf6 3.e5 Nd5 4.d4 cxd4 5.Nf3 e6 6.cxd4 d6 7.a3 Be7 8.Bd3 Bd7
9.O-O Bc6 10.Qc2 Nd7 11.b4 N5b6 12.Nbd2 Rc8 13.Qb1 Nf8 14.Ne4 Ng6 15.Re1 O-O
16.Bd2 Bd5 17.Qd1 Nc4 18.exd6 Nxd2 19.Qxd2 Bxd6 20.Nxd6 Qxd6 21.Ne5 Rfd8
22.Bxg6 hxg6 23.Qe3 Qe7 24.Rac1 g5 25.Rc3 f6 26.Ng4 Qd6 27.Rec1 Rxc3 28.Rxc3 Ba2
29.Rd3 Bb1 30.Rd1 Bc2 31.Rd2 Bf5 32.Qe2 Qf4 33.Ne3 Rxd4 34.Rxd4 Qxd4 35.Nxf5 Qa1+
36.Qf1 Qxf1+ 37.Kxf1 exf5 38.Ke2 Kf7 39.Kd3 Ke6 40.Kd4 Kd6 41.h3 b5 42.g3 g4
43.hxg4 fxg4 44.Ke4 a6 45.Kf4 Kd5 46.Kxg4 Kc4  0-1

[Event "JUG-chT"]
[Site "Cetinje"]
[Date "1992.??.??"]
[Round "?"]
[White "Popov, Sinisa"]
[Black "Ivanisevic, Ivan"]
[Result "0-1"]
[WhiteElo "2305"]
[BlackElo "2205"]

1.e4 c5 2.c3 Nf6 3.e5 Nd5 4.d4 cxd4 5.Nf3 Nc6 6.Bc4 Nb6 7.Bb3 d5 8.exd6 Qxd6
9.O-O e6 10.cxd4 Be7 11.Nc3 O-O 12.Ne4 Qc7 13.Bg5 Rd8 14.Rc1 h6 15.Be3 Bd7
16.Ne5 Be8 17.Bf4 Qc8 18.Qg4 Kh7 19.Nxc6 Bxc6 20.Be5 Rg8 21.Ng3 f5 22.Qe2 Qd7
23.Rfd1 Bg5 24.Rc2 a5 25.a3 a4 26.Ba2 Nd5 27.Qe1 Rac8 28.Ne2 b5 29.Nc1 Ba8
30.Rc5 Be7 31.Rxc8 Rxc8 32.Nd3 Rc2 33.Bb1 Rc4 34.Ba2 Qc6 35.f3 Rc2 36.Rd2 Rxd2
37.Qxd2 Bg5 38.f4 Be7 39.Ne1 g5 40.fxg5 Bxg5 41.Qc2 Qxc2 42.Nxc2 Bc1 43.Bd6 Bxb2
44.Bc5 f4 45.Ne1 Bc1 46.Bb1+ Kg7 47.Be4 Bc6 48.Nd3 Be3+ 49.Kf1 Nb4 50.d5 Nxd5
51.Bd6 b4 52.Bxd5 exd5 53.Nxb4 Bb7 54.Ke2 Kf6 55.g3 Kf5 56.Kd3 Bc1 57.Bxf4 Bxa3
58.Nc2 Bb2 59.Bxh6 Ba6+ 60.Kd2 a3 61.Nb4 d4 62.g4+ Kxg4 63.Kc2 Bc4 64.Kb1 Bc3
65.Bf8 d3  0-1

[Event "JUG-chT"]
[Site "Cetinje"]
[Date "1992.??.??"]
[Round "?"]
[White "Strikovic, Aleksa"]
[Black "Ristic, Nebojsa"]
[Result "1/2-1/2"]
[WhiteElo "2485"]
[BlackElo "2410"]

1.e4 c5 2.c3 Nf6 3.e5 Nd5 4.d4 cxd4 5.Nf3 e6 6.cxd4 d6 7.Bc4 Nc6 8.O-O Be7
9.Qe2 O-O 10.Qe4 Ndb4 11.exd6 Qxd6 12.Bf4 Qd8 13.Nc3 Na5 14.Be2 Bd7 15.Ne5 Be8
16.Rfd1 Nd5 17.Bd2 Nc6 18.Bd3 Nf6 19.Qe3 Nb4 20.Bb1 Nbd5 21.Qh3 Bc6 22.Bg5 g6
23.Bh6 Re8 24.Rd3 Nxc3 25.bxc3 Be4 26.Re3 Qd5 27.Bg5 Bxb1 28.Rxb1 Nh5 29.Bxe7 Qxa2
30.Rbe1 Rxe7 31.Qh4 Rae8 32.g4 Nf4 33.Qh6 f6 34.Qxf4 fxe5 35.Qxe5 Rf7 36.R1e2 Qc4
37.h3 Rc8 38.h4 Qd5 39.Qg3 Rcf8 40.Rxe6 Rf3 41.Qg2 Qb3 42.R6e3 R3f4 43.h5 a5
44.hxg6 Qb1+ 45.Re1 Qxg6 46.Qd5+ Qf7 47.Qg5+ Qg6  1/2-1/2

[Event "JUG-chT"]
[Site "Cetinje"]
[Date "1992.??.??"]
[Round "?"]
[White "Smagin, Sergey"]
[Black "Popovic, Petar"]
[Result "1/2-1/2"]
[WhiteElo "2520"]
[BlackElo "2535"]

1.e4 c5 2.c3 Nf6 3.e5 Nd5 4.Nf3 Nc6 5.d4 cxd4 6.Bc4 Nb6 7.Bb3 d5 8.exd6 Qxd6
9.Na3 a6 10.cxd4 e6 11.O-O Be7 12.Re1 O-O 13.Re4 Nd5 14.Nc4 Qd8 15.Nce5 Bd7
16.Bd2 Rc8 17.Qe1 Nxe5 18.dxe5 Bb5 19.Rd1 b6 20.h4 Bd3  1/2-1/2

[Event "CSR-chT"]
[Site "CSR"]
[Date "1992.??.??"]
[Round "?"]
[White "Korenek, Petr"]
[Black "Voboril, Pavel"]
[Result "1-0"]
[WhiteElo "2215"]
[BlackElo "2225"]

1.e4 c5 2.c3 Nf6 3.e5 Nd5 4.d4 e6 5.Nf3 cxd4 6.cxd4 Bb4+ 7.Bd2 O-O 8.Bd3 f5
9.Nc3 Nxc3 10.bxc3 Be7 11.O-O b6 12.Qe2 Bb7 13.c4 g5 14.Rfd1 g4 15.Ne1 h5
16.Bf4 Kf7 17.d5 Qc8 18.Nc2 Na6 19.Ne3 Nc5 20.Bc2 Rg8 21.Nxf5 exf5 22.Bxf5 Qf8
23.Qe3 Ke8 24.Bh7 Rg7 25.Bh6 Qh8 26.Bxg7 Qxh7 27.Bf6 Qf5 28.Rd4 Bf8 29.Rf1 Qg6
30.Qe2 Kf7 31.f3 g3 32.hxg3 Qxg3 33.Bh4 Qg6 34.Rf4+ Ke8 35.Rd1 Rc8 36.Rf6 Qg7
37.e6 dxe6 38.dxe6 Bc6 39.Qe5 Qh7 40.e7 Bxe7 41.Rh6  1-0

[Event "CSR-chT"]
[Site "CSR"]
[Date "1992.??.??"]
[Round "?"]
[White "Polasek, Jaroslav"]
[Black "Orsag, Milan"]
[Result "1/2-1/2"]
[WhiteElo "2355"]
[BlackElo "2415"]

1.e4 c5 2.c3 Nf6 3.e5 Nd5 4.d4 cxd4 5.Nf3 e6 6.cxd4 b6 7.Nc3 Nxc3 8.bxc3 Qc7
9.Be2 Qxc3+ 10.Bd2 Qa3 11.d5 Bc5 12.O-O h6 13.Qc2 Ba6 14.Bc1 Qa5 15.Bd2 Qa3
16.Bc1 Qa5 17.Bd2  1/2-1/2

[Event "CSR-chT"]
[Site "CSR"]
[Date "1992.??.??"]
[Round "?"]
[White "Salai, Ladislav"]
[Black "Nemec, Pavel"]
[Result "1-0"]
[WhiteElo "2365"]
[BlackElo "2240"]

1.e4 c5 2.c3 Nf6 3.e5 Nd5 4.d4 cxd4 5.Nf3 e6 6.cxd4 b6 7.Nc3 Nxc3 8.bxc3 Qc7
9.Bd2 Bb7 10.Bd3 d6 11.O-O Nd7 12.Re1 dxe5 13.Nxe5 Nxe5 14.Rxe5 Bd6 15.Rh5 g6
16.Rh3 O-O 17.Qe2 Rac8 18.Re1 Bd5 19.Ba6 Bc4 20.Bxc4 Qxc4 21.Qe4 Rc7 22.Bf4 Bxf4
23.Qxf4 Rfc8 24.Qh6 f5 25.Rhe3 Rc6 26.h4 R8c7 27.Qg5 Qd5 28.Re5 Qd7 29.d5 exd5
30.Re8+ Kf7 31.Rd8  1-0

[Event "CSR-chT"]
[Site "CSR"]
[Date "1992.??.??"]
[Round "?"]
[White "Kolcak, Marek"]
[Black "Divis, Josef"]
[Result "1/2-1/2"]
[WhiteElo "2290"]
[BlackElo "2275"]

1.e4 c5 2.c3 Nf6 3.e5 Nd5 4.d4 cxd4 5.cxd4 d6 6.Nf3 Nc6 7.Bc4 Nb6 8.Bb5 dxe5
9.Nxe5 Bd7 10.Bxc6 Bxc6 11.Nxc6 bxc6 12.O-O e6 13.Qg4 Qf6 14.Nd2 Be7 15.Nf3 O-O
16.Bf4 Rac8 17.Rac1 Rfd8 18.Rc2 c5 19.Be5 Qh6 20.Bf4 Qf6 21.Be5 Qh6 22.Bf4  1/2-1/2

[Event "USA-op"]
[Site "Dearborn"]
[Date "1992.??.??"]
[Round "10"]
[White "Johnstone, Glenn"]
[Black "Strauss, David J"]
[Result "1/2-1/2"]
[WhiteElo "2300"]
[BlackElo "2395"]

1.e4 c5 2.c3 Nf6 3.e5 Nd5 4.Nf3 d6 5.d4 cxd4 6.Qxd4 e6 7.exd6 Qxd6 8.Nbd2 Nc6
9.Bb5 Bd7 10.Bxc6 Bxc6 11.Ne5 Nb4 12.Qxd6 Bxd6 13.Nxc6 Nxc6 14.Nc4 Be7 15.Bd2 O-O-O
16.Ke2 e5 17.Rad1 f5 18.f3 Kd7 19.Be3+ Ke6 20.Rxd8 Rxd8 21.Rd1 Rxd1  1/2-1/2

[Event "EU-chT (Women)"]
[Site "Debrecen"]
[Date "1992.??.??"]
[Round "3"]
[White "Lalic, Susan"]
[Black "Baginskaite, Kamile"]
[Result "1/2-1/2"]
[WhiteElo "2335"]
[BlackElo "2280"]

1.e4 c5 2.c3 Nf6 3.e5 Nd5 4.d4 cxd4 5.Nf3 Nc6 6.Bc4 Nb6 7.Bb3 d5 8.exd6 Qxd6
9.Na3 a6 10.O-O e6 11.cxd4 Be7 12.Be3 O-O 13.Rc1 Bd7 14.Qe2 Rac8 15.Rfd1 Qb8
16.Nc4 Nxc4 17.Bxc4 b5 18.Bd3  1/2-1/2

[Event "EU-chT (Women)"]
[Site "Debrecen"]
[Date "1992.??.??"]
[Round "4"]
[White "Dahl, Ingrid"]
[Black "Mihevc, Narcisa"]
[Result "1/2-1/2"]
[WhiteElo "2130"]
[BlackElo "2140"]

1.e4 c5 2.c3 Nf6 3.e5 Nd5 4.d4 cxd4 5.Bc4 Nb6 6.Bb3 d5 7.exd6 Qxd6 8.cxd4 Be6
9.Bc2 g6 10.Nf3 Bg7 11.O-O O-O 12.Nc3 Nc6 13.Be3 Rad8 14.Qc1 Nd5 15.Ne4 Qb8
16.h3 Ncb4 17.Bb1 Rc8 18.Qd2 Rfd8 19.Bg5 f6 20.Bh4 b5 21.a3 Nc6 22.Bd3 Qb7
23.Bg3 Nc7 24.Nc3 Bf7 25.Qe2 e5 26.dxe5 Nxe5 27.Nxe5 fxe5 28.Be4 Qb8 29.Rfd1 Ne6
30.Bd5 Ng5 31.Bh4 h6 32.Bxf7+ Kxf7 33.Rxd8 Rxd8 34.Ne4 Bf6 35.Bxg5 Bxg5 36.Nxg5+ hxg5
37.Rc1 Rd6 38.Qf3+ Kg7 39.Qg3  1/2-1/2

[Event "EU-chT (Men)"]
[Site "Debrecen"]
[Date "1992.??.??"]
[Round "5"]
[White "Sokolovs, Andrei"]
[Black "Stefansson, Hannes"]
[Result "1/2-1/2"]
[WhiteElo "2565"]
[BlackElo "2455"]

1.e4 c5 2.c3 Nf6 3.e5 Nd5 4.g3 d6 5.exd6 Qxd6 6.Bg2 g6 7.d4 Nf6 8.Nf3 cxd4
9.Qxd4 Qa6 10.Na3 Nc6 11.Qc4 Qxc4 12.Nxc4 Be6 13.Nce5 Bd5 14.O-O Bg7  1/2-1/2